Financial accounting and reporting

Enregistré dans:
Détails bibliographiques
Format: Livre
Langue:anglais
Publié: Homewood IRWIN 1993
Édition:1. ed.
Sujets:
Tags: Ajouter un tag
Pas de tags, Soyez le premier à ajouter un tag!

MARC

LEADER 00000nam a2200000 4500
001 c010073
005 20221206075503.3
020 |a 0-256-08782-2 
041 0 |a eng 
044 |a US 
245 1 0 |a Financial accounting and reporting 
250 |a 1. ed. 
264 1 |a Homewood  |b IRWIN  |c 1993 
300 |a 792 s. 
610 2 0 |a účtovníctvo finančné 
610 2 0 |a výkazníctvo finančné 
610 2 0 |a spoločnosti obchodné 
610 2 0 |a solventnosť 
610 2 0 |a štúdie prípadové